|
|
|
|
| LEADER |
00000nlm0a2200000 4500 |
| 001 |
273434 |
| 005 |
20240119153208.0 |
| 035 |
|
|
|a (RuTPU)RU\TPU\book\296643
|
| 090 |
|
|
|a 273434
|
| 100 |
|
|
|a 20141027d2014 m y0rusy50 ca
|
| 101 |
0 |
|
|a rus
|
| 102 |
|
|
|a RU
|
| 105 |
|
|
|a a j 001zy
|
| 135 |
|
|
|a drcn ---uucaa
|
| 181 |
|
0 |
|a i
|
| 182 |
|
0 |
|a b
|
| 200 |
1 |
|
|a Качество электроснабжения промышленных потребителей
|e учебное пособие
|f Б. В. Лукутин, И. О. Муравлев, А. И. Муравлев
|g Национальный исследовательский Томский политехнический университет (ТПУ)
|
| 203 |
|
|
|a Текст
|c электронный
|
| 210 |
|
|
|a Томск
|c Изд-во ТПУ
|d 2014
|
| 300 |
|
|
|a Заглавие с титульного экрана
|
| 333 |
|
|
|a Режим доступа: из корпоративной сети ТПУ
|
| 337 |
|
|
|a Adobe Reader
|
| 606 |
1 |
|
|a Промышленные предприятия
|x Электроснабжение
|x Надежность
|x Качество
|2 stltpush
|3 (RuTPU)RU\TPU\subj\52729
|9 71132
|
| 610 |
1 |
|
|a электронный ресурс
|
| 610 |
1 |
|
|a труды учёных ТПУ
|
| 610 |
1 |
|
|a учебные пособия
|
| 610 |
1 |
|
|a электрическая энергия
|
| 610 |
1 |
|
|a энергоэффективность
|
| 610 |
1 |
|
|a лабораторные работы
|
| 610 |
1 |
|
|a электрические параметры
|
| 610 |
1 |
|
|a сети
|
| 610 |
1 |
|
|a индивидуальные задания
|
| 610 |
1 |
|
|a решения
|
| 675 |
|
|
|a 658.26:621.31.019(075.8)
|v 3
|
| 700 |
|
1 |
|a Лукутин
|b Б. В.
|c специалист в области электротехники
|c профессор Томского политехнического университета, доктор технических наук
|f 1948-
|g Борис Владимирович
|3 (RuTPU)RU\TPU\pers\21974
|9 9293
|
| 701 |
|
1 |
|a Муравлев
|b И. О.
|c специалист в области электротехники
|c доцент Томского политехнического университета, кандидат технических наук
|f 1962-
|g Игорь Олегович
|3 (RuTPU)RU\TPU\pers\26336
|9 12089
|
| 701 |
|
1 |
|a Муравлев
|b А. И.
|c специалист в области электроснабжения промышленных предприятий
|c старший преподаватель Томского политехнического университета
|f 1984-
|g Алексей Игоревич
|3 (RuTPU)RU\TPU\pers\26847
|9 12466
|
| 712 |
0 |
2 |
|a Национальный исследовательский Томский политехнический университет (ТПУ)
|b Энергетический институт (ЭНИН)
|b Кафедра электроснабжения промышленных предприятий (ЭПП)
|3 (RuTPU)RU\TPU\col\18676
|
| 801 |
|
2 |
|a RU
|b 63413507
|c 20220112
|g RCR
|
| 856 |
4 |
|
|u http://www.lib.tpu.ru/fulltext2/m/2014/m315.pdf
|
| 942 |
|
|
|c CF
|